000 00376nam a2200121Ia 4500
008 211105s9999 xx 000 0 und d
020 _aVYASA03757
100 _aTulasi Das S
245 0 _aEfficacy of integrated yoga therapy on anthropometric measurements , self control psychology well-being among obese individuals.
250 _a\N
260 _bSvyasa
_c\N
300 _a79 P
999 _c14874
_d14874